| 000 | 02004nam a22003615a 4500 | ||
|---|---|---|---|
| 003 | OSt | ||
| 005 | 20170118120752.0 | ||
| 008 | 160922s2016 ua frb 000 0 ara d | ||
| 016 | _22016 / 2853 | ||
| 020 | _a9789770480168 | ||
| 040 |
_aEG-ScBUE _bara _cEG-ScBUE _dEG-ScBUE |
||
| 043 | _af-ua--- | ||
| 082 | 0 | 4 |
_a343.055 _bم غ ا _222 |
| 100 | 1 | _aمغازي، إسراء. | |
| 245 | 1 | 2 |
_aالضريبة على القيمة المضافة وضريبة المبيعات : _bالأطر القانونية والكفاءة والفاعلية والاقتصادية في الممارسات الدولية / _cإسراء المغازي. |
| 250 | _aط. 1. | ||
| 260 |
_aالقاهرة : _bدار النهضة العربية، _c2016. |
||
| 300 |
_a398 ص. ؛ _c24 سم. |
||
| 504 | _aيشتمل على إرجاعات ببليوجرافية. | ||
| 650 | 0 |
_aضرائب القيمة المضافة _xقوانين وتشريعات _zمصر. _2BUEsh |
|
| 650 | 0 |
_aضرائب القيمة المضافة _xقوانين وتشريعات _zالأردن. _2BUEsh |
|
| 650 | 0 |
_aضرائب القيمة المضافة _xقوانين وتشريعات _zكندا. _2BUEsh |
|
| 650 | 0 |
_aضرائب القيمة المضافة _xقوانين وتشريعات _zلبنان. _2BUEsh |
|
| 650 | 0 |
_aضرائب القيمة المضافة _xقوانين وتشريعات _zالاتحاد الأوروبي. _2BUEsh |
|
| 650 | 0 |
_aالضرائب غير المباشرة _xقوانين وتشريعات _zمصر. _2BUEsh |
|
| 650 | 0 |
_aالضرائب غير المباشرة _xقوانين وتشريعات _zالأردن. _2BUEsh |
|
| 650 | 0 |
_aالضرائب غير المباشرة _xقوانين وتشريعات _zكندا. _2BUEsh |
|
| 650 | 0 |
_aالضرائب غير المباشرة _xقوانين وتشريعات _zلبنان. _2BUEsh |
|
| 650 | 0 |
_aالضرائب غير المباشرة _xقوانين وتشريعات _zالاتحاد الأوروبي. _2BUEsh |
|
| 651 | _2BUEsh | ||
| 653 |
_bLLAAWW _cJanuary2017 |
||
| 942 | _2ddc | ||
| 999 |
_c23970 _d23942 |
||